|
|
|
|
| LEADER |
00934nab#a2200337#ar4500 |
| 001 |
000074097 |
| 003 |
SVKKK |
| 005 |
20111004072158.0 |
| 008 |
080512d1912 xo |||||||||||||||b|hun |
| FMT |
|
|
|
| 038 |
|
|
|a SVKKK
|
| 040 |
|
|
|a SVKKK
|b slo
|e AACR2
|
| 041 |
0 |
|
|a hun
|
| 044 |
|
|
|a xo
|c SK
|
| 080 |
|
|
|a 392
|2 1981
|
| 242 |
1 |
0 |
|a Zásnuby
|y slo
|
| 245 |
1 |
0 |
|a Eljegyzés
|
| 500 |
|
|
|a Popis z mikrofilmu
|
| 520 |
2 |
|
|a Správa o zásnubách Ondreja (Andor) Bartu a Oľgy Gojdics v obci Borov v novembri 1912
|
| 650 |
0 |
4 |
|a zásnuby - Barta, Ondrej (železničiar) - Gojdics, Oľga (snúbenica) - Borov (HN) - november 1912 - správy
|
| 655 |
|
4 |
|a hungariká
|
| 773 |
0 |
|
|t Felvidéki Hirlap
|g Roč. 5, č. 44 (17.11.1912) s. 2
|
| 957 |
|
|
|a Borov
|
| 958 |
|
|
|a DG
|
| 958 |
|
|
|a HU
|
| 974 |
|
|
|a Ba
|
| 992 |
|
|
|a RBX
|
| 997 |
|
|
|a Barta, Andor p. Barta, Ontrej
|d Borov
|
| 997 |
|
|
|a Gojdics, Oľga
|d Borov
|
| BAS |
|
|
|
| 998 |
|
|
|a RETRO
|